Batailles de l'Histoire de France - mort subite - Statistiques

Statistiques générales
  • Ce quiz a été pris 2 181 fois
    2 174 depuis la dernière actualisation
  • Le résultat moyen est 3 sur 16
Answers on the Grid
Answers color-coded by a green-red scale on the quiz's grid according to % correct below.
Austerlitz
Azincourt
Gravelines
Rocroi
Soissons
Eylau
Siège de la Rochelle
Courtrai
Solférino
L'Écluse
Verdun
Roncevaux
Marignan
Valmy
Trafalgar
Marne
Chemin des Dames
Poitiers (1356)
Wagram
Patay
Pavie
Siège de Montauban
Tolbiac
Camerone
Sedan
Leipzig
Marengo
Poitiers (732)
Bouvines
Waterloo
 
Statistiques - réponses
Réponse % Correct
Austerlitz
90%
Marignan
33%
Soissons
29%
Verdun
29%
Valmy
23%
Marne
19%
Solférino
19%
Poitiers (732)
18%
Siège de la Rochelle
18%
Eylau
15%
Bouvines
11%
Wagram
11%
Rocroi
10%
Marengo
8%
Patay
7%
Tolbiac
7%
Aucun quiz correspondant
Distribution des résultats
% des personnes avec chaque résultat
Percentile par nombre de réponses
Votre historique - résultats
Vous n’avez pas pris ce quiz depuis la dernière actualisation